Marxismo y alienación / (Record no. 100349)

MARC details
000 -LEADER
campo de control de longitud fija 00604nam a2200181 i 4500
001 - NÚMERO DE CONTROL
campo de control 100349
003 - IDENTIFICADOR DE NÚMERO DE CONTROL
campo de control ES-MaACL
005 - FECHA Y HORA DE LA ÚLTIMA TRANSACCIÓN
campo de control 20230906182646.0
007 - CAMPO FIJO DE DESCRIPCIÓN FÍSICA--INFORMACIÓN GENERAL
campo de control de longitud fija t|
008 - DATOS DE LONGITUD FIJA--INFORMACIÓN GENERAL
campo de control de longitud fija 050926s1972 sp ||||1| spa d
245 00 - MENCIÓN DEL TÍTULO
Título Marxismo y alienación /
Mención de responsabilidad, etc. Herbert Aptheker, Sidney Finkelstein, Howard D. Langford; [traducción de Luis del Castillo Aragón].
260 ## - PUBLICACIÓN, DISTRIBUCIÓN, ETC.
Lugar de publicación, distribución, etc. Barcelona :
Nombre del editor, distribuidor, etc. Península,
Fecha de publicación, distribución, etc. 1972.
300 ## - DESCRIPCIÓN FÍSICA
Extensión 215 p. ;
Dimensiones 19 cm.
700 1# - ENTRADA AGREGADA--NOMBRE PERSONAL
Nombre de persona Aptheker, Herbert.
9 (RLIN) 22130
700 1# - ENTRADA AGREGADA--NOMBRE PERSONAL
Nombre de persona Castillo Aragón, Luis del.
9 (RLIN) 36726
852 ## - LOCALIZACIÓN
Ubicación ES-MaACL
Número de control de estantería C-47086
Sublocalización o colección R.80615
852 ## - LOCALIZACIÓN
Ubicación ES-MaACL
Número de control de estantería A-10077
Sublocalización o colección R.99487
Holdings
Estatus retirado Estado de pérdida Estado de daño No para préstamo Biblioteca de origen Biblioteca actual Ubicación en estantería Fecha de adquisición Fuente de adquisición Total de préstamos Signatura topográfica completa Código de barras Visto por última vez Precio de reemplazo Tipo de ítem Koha
        Biblioteca del Ateneo de Madrid Biblioteca del Ateneo de Madrid Depósito 1 17/01/2008     A-10077 1104779 23/02/2023 23/02/2023 Libro impreso
        Biblioteca del Ateneo de Madrid Biblioteca del Ateneo de Madrid Depósito 2 17/01/2008     C-47086 1104778 23/02/2023 23/02/2023 Libro impreso